Loreto College Library, Kolkata
WEBOPAC (ONLINE PUBLIC ACCESS CATALOGUE)

Kabeer - Soor-Tulsi (Record no. 18068)

MARC details
000 -LEADER
fixed length control field 00592nam a2200181Ia 4500
008 - FIXED-LENGTH DATA ELEMENTS--GENERAL INFORMATION
fixed length control field 131103s9999 xx 000 0 und d
040 ## - CATALOGING SOURCE
Original cataloging agency Loreto College
041 ## - LANGUAGE CODE
Language code English
082 ## - DDC | ডিউই
Classification number | বর্গসংখ্যা 891.43109/SIN
Book Number | গ্রন্থাঙ্ক LCLIB/HinSemLib533,534/45342,45343
100 ## - MAIN ENTRY--PERSONAL NAME | মুখ্য সংলেখ - ব্যাক্তিনাম
Personal name | ব্যাক্তিনাম Singh,Yogendra Pratap
245 ## - TITLE STATEMENT | অাখ্যা বিবরণী
Title | অাখ্যা Kabeer - Soor-Tulsi
Statement of responsibility | লেখকের দায়িত্বের বিবরণ Yogendra Pratap Singh
260 ## - IMPRINT | প্রকাশনা ক্ষেত্র
Place of publication | প্রকাশ স্থান Allahabad
Name of publisher | প্রকাশকের নাম Lok Bharti
Date of publication | প্রকাশ কাল 2002
300 ## - PHYSICAL DESCRIPTION |
Page / Vol. No | পৃষ্ঠা / খন্ড সংখ্যা 200 cm.
630 ## - SUBJECT ADDED ENTRY--UNIFORM TITLE
Uniform title Kabir - Surdas - Tulsidas - Criticism & Interpretation
650 ## - SUBJECT ADDED ENTRY--TOPICAL TERM | বিষয় শিরোনাম - মূল বিষয়
Topical term | মূল বিষয় Kabir,Surdas,Tulsidas
651 ## - SUBJECT ADDED ENTRY--GEOGRAPHIC NAME | বিষয় শিরোনাম - ভৌগলিক নাম
Geographic name | ভৌগলিক বিষয় Poetry,Hindi - Criticism and Interpretation
942 ## - ADDED ENTRY ELEMENTS (KOHA)
Koha item type Books
Holdings
Withdrawn status Lost status Damaged status Not for loan Home library Current library Date acquired Total Checkouts Full call number Accession No. Date last seen Price effective from Koha item type
        Loreto College Loreto College 04/11/2013   891.43109/SIN LCLIB/HinSemLib533,534/45342,45343 B18595 04/11/2013 04/11/2013 Books
        Loreto College Loreto College 04/11/2013   891.43109/SIN LCLIB/HinSemLib533,534/45342,45343 B18596 04/11/2013 04/11/2013 Books